Seminari sobre el Règim Urbanístic : Barcelona, 25 i 26 de març de 1993 Barcelona, 25 i 26 de març de 1993
Descripción Física:
171 p. ; 30 cm
Colección:
Quaderns de treball ; 42
Otros Autores:
Institut d'Estudis Autonòmics (Catalunya)
MARC
| LEADER | 00000nam a2200000Ia 4500 | ||
|---|---|---|---|
| 001 | 10552 | ||
| 008 | 160829s1994 xx 000 0 cat d | ||
| 080 | |a B-1-356 | ||
| 100 | |a Seminari sobre el Règim Urbanístic (1993 : Barcelona) |9 32391 | ||
| 245 | |a Seminari sobre el Règim Urbanístic : |b Barcelona, 25 i 26 de març de 1993 | ||
| 260 | |a Barcelona : |b Generalitat de Catalunya. Institut d'Estudis Autonòmics, |c 1994 | ||
| 300 | |a 171 p. ; |c 30 cm | ||
| 490 | |a Quaderns de treball ; 42 | ||
| 650 | |a Urbanisme |x Dret i legislació |9 32392 | ||
| 650 | |a Competència (Dret) |x Congressos |9 32393 | ||
| 700 | |a Institut d'Estudis Autonòmics (Catalunya) |9 11016 | ||
| 710 | 1 | |a Catalunya. |b Generalitat |9 12125 | |
| 901 | |a Arxiu | ||
| 942 | |n 1 | ||
| 952 | |0 0 |1 0 |4 0 |6 B1356 |7 1 |9 45967 |a Arxiu |b Arxiu |d 2016-12-01 |l 0 |o B-1-356 |p 10552 |r 2016-12-01 00:00:00 |w 2016-12-01 |y ARXIU | ||
| 999 | |c 49468 |d 49468 | ||